[Event "23rd European Women Club Cup 2018"]
[Site "Halkidiki"]
[Date "2018.10.17"]
[Round "6"]
[White "Klinova, Masha"]
[Black "Balajayeva, Khanim"]
[Result "0-1"]
[WhiteElo "2288"]
[BlackElo "2326"]
[Annotator "NA"]
[PlyCount "100"]
[EventDate "2018.10.12"]
[EventType "team-tourn"]
[EventCountry "GRE"]
[SourceTitle "playchess.com"]
[Source "ChessBase"]
[SourceQuality "1"]
[WhiteTeam "Beer Sheva"]
[BlackTeam "Odlar Yurdu"]
[TimeControl "40/5400+30:1800+30"]

1. e4 {[%emt 0:00:00]} e5 {[%emt 0:00:00]} 2. Nf3 {[%emt 0:00:00]} Nc6 {[%emt 0:00:00]} 3. Bc4 {[%emt 0:00:00]} Nf6 {[%emt 0:00:00]} 4. d3 {[%emt 0:00:00]} Be7 {[%emt 0:00:00]} 5. O-O {[%emt 0:00:05]} O-O {[%emt 0:00:00]} 6. Bb3 {[%emt 0:08:03]} d6 {[%emt 0:02:09]} 7. c3 {[%emt 0:01:32]} Na5 {[%emt 0:04:04]} 8. Bc2 {[%emt 0:00:46]} c5 {[%emt 0:00:08]} 9. Nbd2 {[%emt 0:00:43]} Nc6 {[%emt 0:03:56]} 10. Re1 {[%emt 0:01:14]} Re8 {[%emt 0:06:10]} 11. Nf1 {[%emt 0:02:10]} h6 {[%emt 0:00:59]} 12. Ng3 {[%emt 0:00:30]} a6 {[%emt 0:01:34]} 13. h3 {[%emt 0:01:39]} Be6 {[%emt 0:00:43]} 14. d4 {[%emt 0:03:47]} cxd4 {[%emt 0:00:05]} 15. cxd4 {[%emt 0:00:04]} exd4 {[%emt 0:01:00]} 16. Nxd4 {[%emt 0:01:15]} Nxd4 {[%emt 0:00:02]} 17. Qxd4 {[%emt 0:00:06]} Rc8 {[%emt 0:00:05]} 18. Bb3 {[%emt 0:01:17]} d5 {[%emt 0:04:23]} 19. e5 {[%emt 0:04:14]} Bc5 {[%emt 0:05:41]} 20. Qf4 {[%emt 0:04:06]} Ne4 {[%emt 0:10:03]} 21. Nxe4 {[%emt 0:03:05]} dxe4 {[%emt 0:00:02]} 22. Bxe6 {[%emt 0:03:06]} Rxe6 {[%emt 0:01:46]} 23. Be3 {[%emt 0:11:16]} Bxe3 {[%emt 0:00:56]} 24. Rxe3 {[%emt 0:01:42]} Qd2 {[%emt 0:00:43]} 25. Qxe4 {[%emt 0:05:20]} Qxb2 {[%emt 0:00:51]} 26. Rb1 {[%emt 0:04:54]} Rc1+ {[%emt 0:01:54]} 27. Rxc1 {[%emt 0:02:22]} Qxc1+ {[%emt 0:00:03]} 28. Re1 {[%emt 0:01:03]} Qc6 {[%emt 0:00:24]} 29. f4 {[%emt 0:04:26]} Qxe4 {[%emt 0:03:22]} 30. Rxe4 {[%emt 0:00:07]} f6 {[%emt 0:01:14]} 31. Kf2 {[%emt 0:02:04]} fxe5 {[%emt 0:00:27]} 32. fxe5 {[%emt 0:00:13]} Kf7 {[%emt 0:00:26]} 33. Kf3 {[%emt 0:01:34]} Rc6 {[%emt 0:01:05]} 34. a4 {[%emt 0:16:48]} b5 {[%emt 0:08:20]} 35. axb5 {[%emt 0:00:52]} axb5 {[%emt 0:00:02]} 36. Re2 {[%emt 0:05:54]} Ke6 {[%emt 0:00:35]} 37. h4 {[%emt 0:02:48]} b4 {[%emt 0:04:53]} 38. Rb2 {[%emt 0:01:59]} Rc3+ {[%emt 0:01:17]} 39. Kg4 {[%emt 0:01:27]} b3 {[%emt 0:01:21]} 40. Kh5 {[%emt 0:00:00]} Kxe5 {[%emt 0:00:00]} 41. g4 {[%emt 0:01:37]} Kd4 {[%emt 0:04:25]} 42. Rf2 {[%emt 0:05:53]} Rg3 {[%emt 0:01:03]} 43. Rf7 {[%emt 0:01:29]} b2 {[%emt 0:00:10]} 44. Rb7 {[%emt 0:00:15]} Kc3 {[%emt 0:00:12]} 45. Rc7+ {[%emt 0:00:22]} Kd2 {[%emt 0:00:07]} 46. Rb7 {[%emt 0:00:49]} Kc2 {[%emt 0:00:03]} 47. Rc7+ {[%emt 0:00:19]} Rc3 {[%emt 0:00:10]} 48. Rb7 {[%emt 0:00:09]} Rb3 {[%emt 0:00:03]} 49. Rc7+ {[%emt 0:00:08]} Kd2 {[%emt 0:00:18]} 50. Rd7+ {[%emt 0:00:05]} Ke2 {[%emt 0:00:03]} 0-1

[Event "23rd European Women Club Cup 2018"]
[Site "Halkidiki"]
[Date "2018.10.17"]
[Round "6"]
[White "Injac, Teodora"]
[Black "Grapsa, Georgia"]
[Result "0-1"]
[WhiteElo "2258"]
[BlackElo "2085"]
[Annotator "NA"]
[PlyCount "78"]
[EventDate "2018.10.12"]
[EventType "team-tourn"]
[EventCountry "GRE"]
[SourceTitle "playchess.com"]
[Source "ChessBase"]
[SourceQuality "1"]
[WhiteTeam "Maribor"]
[BlackTeam "Thessaloniki"]
[TimeControl "40/5400+30:1800+30"]

1. e4 {[%emt 0:00:00]} c5 {[%emt 0:00:00]} 2. Nf3 {[%emt 0:00:00]} d6 {[%emt 0:00:00]} 3. d4 {[%emt 0:00:00]} cxd4 {[%emt 0:00:00]} 4. Nxd4 {[%emt 0:00:03]} Nf6 {[%emt 0:00:00]} 5. Nc3 {[%emt 0:00:09]} a6 {[%emt 0:00:00]} 6. h3 {[%emt 0:00:09]} e6 {[%emt 0:00:00]} 7. g4 {[%emt 0:01:00]} h6 {[%emt 0:00:00]} 8. Bg2 {[%emt 0:03:10]} Be7 {[%emt 0:00:53]} 9. Be3 {[%emt 0:01:05]} Nc6 {[%emt 0:00:13]} 10. Qe2 {[%emt 0:03:12]} Nxd4 {[%emt 0:01:59]} 11. Bxd4 {[%emt 0:00:08]} e5 {[%emt 0:00:03]} 12. Be3 {[%emt 0:00:11]} b5 {[%emt 0:00:27]} 13. O-O-O {[%emt 0:06:13]} b4 {[%emt 0:04:01]} 14. Nd5 {[%emt 0:00:49]} Nxd5 {[%emt 0:00:04]} 15. exd5 {[%emt 0:00:23]} O-O {[%emt 0:03:12]} 16. Be4 {[%emt 0:07:59]} Bh4 {[%emt 0:08:18]} 17. Kb1 {[%emt 0:06:26]} a5 {[%emt 0:22:35]} 18. Rdg1 {[%emt 0:00:59]} f6 {[%emt 0:04:55]} 19. Rc1 {[%emt 0:29:43]} Bd7 {[%emt 0:03:43]} 20. c4 {[%emt 0:00:07]} bxc3 {[%emt 0:01:51]} 21. Rxc3 f5 {[%emt 0:00:04]} 22. gxf5 {[%emt 0:01:01]} Bxf5 {[%emt 0:00:58]} 23. Bxf5 {[%emt 0:13:42]} Rxf5 {[%emt 0:02:11]} 24. Qg4 {[%emt 0:07:40]} Qf6 {[%emt 0:03:09]} 25. Bxh6 {[%emt 0:06:26]} Rxf2 {[%emt 0:02:30]} 26. Bxg7 Qf5+ {[%emt 0:00:02]} 27. Qxf5 {[%emt 0:01:18]} Rxf5 {[%emt 0:01:25]} 28. Rg1 {[%emt 0:03:47]} Bf2 {[%emt 0:04:20]} 29. Rg2 Kh7 30. Rc2 {[%emt 0:08:25]} Bc5 {[%emt 0:03:10]} 31. b4 {[%emt 0:00:42]} axb4 {[%emt 0:00:08]} 32. Rg4 {[%emt 0:00:17]} Bd4 {[%emt 0:06:13]} 33. Rc4 {[%emt 0:00:55]} Rf1+ {[%emt 0:01:37]} 34. Rc1 {[%emt 0:00:27]} Rxc1+ {[%emt 0:00:16]} 35. Kxc1 {[%emt 0:00:04]} Rxa2 {[%emt 0:00:16]} 36. Bf8 {[%emt 0:00:40]} b3 {[%emt 0:01:31]} 37. Rg7+ {[%emt 0:00:14]} Kh8 {[%emt 0:00:05]} 38. Rb7 {[%emt 0:00:11]} Ra1+ {[%emt 0:00:12]} 39. Kd2 {[%emt 0:00:10]} b2 {[%emt 0:00:08]} 0-1

[Event "23rd European Women Club Cup 2018"]
[Site "Halkidiki"]
[Date "2018.10.17"]
[Round "6"]
[White "Injac, Teodora"]
[Black "Grapsa, Georgia"]
[Result "1-0"]
[WhiteElo "2258"]
[BlackElo "2085"]
[Annotator "NA"]
[PlyCount "67"]
[EventDate "2018.10.12"]
[EventType "team-tourn"]
[EventCountry "GRE"]
[SourceTitle "playchess.com"]
[Source "ChessBase"]
[SourceQuality "1"]
[WhiteTeam "Maribor"]
[BlackTeam "Thessaloniki"]
[TimeControl "40/5400+30:1800+30"]

1. d4 {[%emt 0:00:00]} Nf6 {[%emt 0:02:48]} 2. Nf3 {[%emt 0:00:15]} b6 {[%emt 0:00:03]} 3. c4 {[%emt 0:00:07]} e6 {[%emt 0:00:02]} 4. a3 {[%emt 0:00:16]} Ba6 {[%emt 0:00:02]} 5. Qc2 {[%emt 0:00:18]} Bb7 {[%emt 0:00:27]} 6. Nc3 {[%emt 0:00:23]} c5 {[%emt 0:00:02]} 7. e4 {[%emt 0:03:28]} cxd4 {[%emt 0:00:04]} 8. Nxd4 {[%emt 0:00:03]} Bc5 {[%emt 0:00:10]} 9. Nb3 {[%emt 0:01:36]} Nc6 {[%emt 0:00:03]} 10. Bf4 {[%emt 0:09:18]} e5 {[%emt 0:03:06]} 11. Bg5 {[%emt 0:02:33]} Nd4 {[%emt 0:00:45]} 12. Nxd4 {[%emt 0:03:19]} exd4 {[%emt 0:06:55]} 13. Nd5 {[%emt 0:03:33]} Bxd5 {[%emt 0:00:05]} 14. cxd5 {[%emt 0:11:46]} Rc8 {[%emt 0:13:49]} 15. Qd1 {[%emt 0:03:58]} b5 {[%emt 0:16:17]} 16. Bd3 {[%emt 0:17:37]} b4 {[%emt 0:11:12]} 17. O-O {[%emt 0:00:53]} h6 {[%emt 0:05:35]} 18. Bh4 {[%emt 0:04:42]} bxa3 {[%emt 0:01:56]} 19. bxa3 {[%emt 0:00:12]} Be7 {[%emt 0:07:39]} 20. d6 {[%emt 0:03:56]} Bxd6 {[%emt 0:06:26]} 21. e5 {[%emt 0:00:05]} Bxe5 {[%emt 0:00:49]} 22. Re1 {[%emt 0:00:14]} Qa5 {[%emt 0:04:37]} 23. f4 {[%emt 0:01:36]} d6 {[%emt 0:00:36]} 24. fxe5 {[%emt 0:00:33]} dxe5 {[%emt 0:00:03]} 25. Bf5 {[%emt 0:09:20]} Rd8 {[%emt 0:04:10]} 26. Qf3 {[%emt 0:02:28]} Kf8 {[%emt 0:03:00]} 27. Rac1 {[%emt 0:08:12]} Re8 {[%emt 0:04:07]} 28. Bxf6 {[%emt 0:00:43]} gxf6 {[%emt 0:00:01]} 29. Bd7 {[%emt 0:00:20]} d3 {[%emt 0:00:58]} 30. Qxf6 {[%emt 0:05:12]} Rh7 {[%emt 0:01:05]} 31. Qd6+ {[%emt 0:01:29]} Re7 {[%emt 0:03:00]} 32. Qxd3 {[%emt 0:01:01]} f6 {[%emt 0:01:44]} 33. Rc8+ {[%emt 0:00:27]} Kg7 {[%emt 0:00:04]} 34. Qg3+ {[%emt 0:00:13]} 1-0

[Event "23rd European Women Club Cup 2018"]
[Site "Halkidiki"]
[Date "2018.10.17"]
[Round "6"]
[White "Haussernot, Cecile"]
[Black "Santeramo, Alessia"]
[Result "1/2-1/2"]
[WhiteElo "2204"]
[BlackElo "2054"]
[Annotator "NA"]
[PlyCount "129"]
[EventDate "2018.10.12"]
[EventType "team-tourn"]
[EventCountry "GRE"]
[SourceTitle "playchess.com"]
[Source "ChessBase"]
[SourceQuality "1"]
[WhiteTeam "Mulhouse"]
[BlackTeam "Banca Alpi Marittime"]
[TimeControl "40/5400+30:1800+30"]

1. e4 {[%emt 0:00:00]} e5 {[%emt 0:00:00]} 2. Nf3 {[%emt 0:00:00]} Nc6 {[%emt 0:00:00]} 3. Bb5 {[%emt 0:00:00]} Bc5 {[%emt 0:00:00]} 4. O-O {[%emt 0:01:29]} Nd4 {[%emt 0:00:17]} 5. Nxd4 {[%emt 0:00:51]} Bxd4 {[%emt 0:00:08]} 6. c3 {[%emt 0:00:16]} Bb6 {[%emt 0:00:29]} 7. d4 {[%emt 0:00:09]} c6 {[%emt 0:00:42]} 8. Bc4 {[%emt 0:00:20]} d6 {[%emt 0:00:45]} 9. f4 {[%emt 0:03:16]} Nf6 {[%emt 0:05:37]} 10. fxe5 {[%emt 0:02:55]} dxe5 {[%emt 0:00:32]} 11. Bg5 {[%emt 0:00:54]} Be6 {[%emt 0:28:44]} 12. Bxe6 {[%emt 0:00:29]} fxe6 {[%emt 0:00:04]} 13. Bxf6 {[%emt 0:07:09]} gxf6 {[%emt 0:00:06]} 14. Qh5+ {[%emt 0:01:22]} Ke7 {[%emt 0:01:21]} 15. Qh4 {[%emt 0:00:49]} Qf8 {[%emt 0:24:51]} 16. Kh1 {[%emt 0:00:18]} Bc7 {[%emt 0:00:14]} 17. Nd2 {[%emt 0:01:21]} Qg7 {[%emt 0:00:44]} 18. Rf2 {[%emt 0:08:26]} Raf8 {[%emt 0:06:32]} 19. dxe5 {[%emt 0:01:19]} Bxe5 {[%emt 0:00:25]} 20. Nc4 {[%emt 0:00:26]} Kd7 {[%emt 0:01:31]} 21. Raf1 {[%emt 0:01:09]} h5 {[%emt 0:08:43]} 22. Rf3 {[%emt 0:01:28]} b5 {[%emt 0:09:23]} 23. Rd1+ {[%emt 0:04:36]} Kc8 {[%emt 0:01:49]} 24. Nxe5 {[%emt 0:07:49]} fxe5 {[%emt 0:00:02]} 25. Rxf8+ {[%emt 0:00:39]} Qxf8 {[%emt 0:01:26]} 26. Qg5 {[%emt 0:01:11]} Qc5 {[%emt 0:06:12]} 27. h3 {[%emt 0:02:06]} Rf8 {[%emt 0:02:20]} 28. Qxh5 {[%emt 0:02:24]} Rd8 {[%emt 0:00:15]} 29. Rf1 {[%emt 0:00:04]} Qd6 {[%emt 0:00:41]} 30. Qg6 {[%emt 0:00:29]} Rd7 {[%emt 0:00:34]} 31. h4 {[%emt 0:00:51]} Kb7 {[%emt 0:00:23]} 32. h5 {[%emt 0:00:29]} Qd3 {[%emt 0:00:03]} 33. Rf7 {[%emt 0:01:16]} Rxf7 {[%emt 0:00:40]} 34. Qxf7+ {[%emt 0:00:07]} Kb6 {[%emt 0:00:05]} 35. Qf3 {[%emt 0:00:29]} Qd2 {[%emt 0:00:14]} 36. Kh2 {[%emt 0:00:18]} a5 {[%emt 0:00:41]} 37. Kg3 {[%emt 0:01:24]} c5 {[%emt 0:00:51]} 38. Kh4 {[%emt 0:00:51]} b4 {[%emt 0:00:49]} 39. c4 {[%emt 0:01:57]} a4 {[%emt 0:00:12]} 40. Qf6 {[%emt 0:00:00]} Qe1+ {[%emt 0:00:00]} 41. Kh3 {[%emt 0:02:01]} Qh1+ {[%emt 0:04:49]} 42. Kg3 Qxh5 {[%emt 0:00:19]} 43. Qxe6+ {[%emt 0:01:36]} Kc7 {[%emt 0:10:38]} 44. Qf5 {[%emt 0:00:27]} Qh8 {[%emt 0:00:08]} 45. Qf7+ {[%emt 0:00:25]} Kb6 {[%emt 0:03:35]} 46. Kf3 {[%emt 0:02:34]} Qh6 {[%emt 0:01:49]} 47. Kg4 {[%emt 0:00:45]} a3 {[%emt 0:05:22]} 48. bxa3 {[%emt 0:05:44]} bxa3 {[%emt 0:00:05]} 49. g3 {[%emt 0:04:15]} Qe3 {[%emt 0:04:09]} 50. Qd5 {[%emt 0:02:27]} Qe2+ {[%emt 0:03:38]} 51. Kf5 {[%emt 0:00:56]} Qxa2 {[%emt 0:00:50]} 52. Qd6+ {[%emt 0:00:07]} Kb7 {[%emt 0:00:11]} 53. Qd7+ {[%emt 0:00:29]} Kb8 {[%emt 0:01:04]} 54. Qb5+ {[%emt 0:00:08]} Ka8 {[%emt 0:00:08]} 55. Qc6+ {[%emt 0:00:05]} Kb8 {[%emt 0:00:04]} 56. Qd6+ {[%emt 0:05:35]} Kb7 {[%emt 0:00:09]} 57. Qd5+ {[%emt 0:00:26]} Kb6 {[%emt 0:01:04]} 58. Qd6+ {[%emt 0:02:24]} Kb7 {[%emt 0:00:05]} 59. Qd7+ {[%emt 0:00:03]} Kb8 {[%emt 0:00:27]} 60. Qb5+ {[%emt 0:00:33]} Ka8 {[%emt 0:00:04]} 61. Qa6+ {[%emt 0:02:59]} Kb8 {[%emt 0:00:05]} 62. Qb6+ {[%emt 0:00:04]} Ka8 {[%emt 0:00:07]} 63. Qa6+ {[%emt 0:00:04]} Kb8 {[%emt 0:00:07]} 64. Qb6+ {[%emt 0:00:03]} Ka8 {[%emt 0:00:04]} 65. Qa6+ {[%emt 0:00:05]} 1/2-1/2

[Event "23rd European Women Club Cup 2018"]
[Site "Halkidiki"]
[Date "2018.10.17"]
[Round "6"]
[White "Haussernot, Cecile"]
[Black "Santeramo, Alessia"]
[Result "0-1"]
[WhiteElo "2204"]
[BlackElo "2054"]
[Annotator "NA"]
[PlyCount "80"]
[EventDate "2018.10.12"]
[EventType "team-tourn"]
[EventCountry "GRE"]
[SourceTitle "playchess.com"]
[Source "ChessBase"]
[SourceQuality "1"]
[WhiteTeam "Mulhouse"]
[BlackTeam "Banca Alpi Marittime"]
[TimeControl "40/5400+30:1800+30"]

1. e4 {[%emt 0:03:05]} e5 {[%emt 0:00:00]} 2. Nf3 {[%emt 0:00:04]} Nc6 {[%emt 0:00:00]} 3. Bc4 {[%emt 0:00:05]} Nf6 {[%emt 0:00:00]} 4. d3 {[%emt 0:00:05]} Be7 {[%emt 0:00:00]} 5. O-O {[%emt 0:00:07]} O-O {[%emt 0:00:00]} 6. Re1 {[%emt 0:00:09]} d6 {[%emt 0:00:00]} 7. a4 {[%emt 0:00:08]} Be6 8. Nc3 {[%emt 0:00:15]} Qd7 {[%emt 0:02:01]} 9. a5 {[%emt 0:00:26]} a6 {[%emt 0:00:06]} 10. h3 {[%emt 0:00:08]} h6 {[%emt 0:00:27]} 11. Be3 {[%emt 0:03:11]} d5 {[%emt 0:01:34]} 12. exd5 {[%emt 0:02:48]} Nxd5 {[%emt 0:00:06]} 13. Bd2 {[%emt 0:04:13]} f6 {[%emt 0:15:31]} 14. Nxd5 {[%emt 0:12:23]} Bxd5 {[%emt 0:00:07]} 15. Bxd5+ {[%emt 0:00:04]} Qxd5 {[%emt 0:00:06]} 16. Nh4 {[%emt 0:00:15]} f5 {[%emt 0:17:42]} 17. Ng6 {[%emt 0:03:36]} Rf7 {[%emt 0:00:09]} 18. Qh5 {[%emt 0:06:48]} Bd6 {[%emt 0:07:52]} 19. Re3 {[%emt 0:08:41]} Rf6 {[%emt 0:09:30]} 20. Rg3 {[%emt 0:13:39]} Kh7 {[%emt 0:02:29]} 21. Nh4 {[%emt 0:03:29]} Qf7 {[%emt 0:07:41]} 22. Qxf7 {[%emt 0:00:28]} Rxf7 {[%emt 0:00:05]} 23. Re3 {[%emt 0:02:25]} e4 {[%emt 0:11:31]} 24. g3 {[%emt 0:03:11]} Nd4 {[%emt 0:02:26]} 25. dxe4 {[%emt 0:03:05]} Nxc2 {[%emt 0:00:15]} 26. e5 {[%emt 0:00:08]} Nxe3 {[%emt 0:04:08]} 27. exd6 {[%emt 0:00:34]} Nc4 {[%emt 0:00:10]} 28. Bb4 {[%emt 0:01:26]} Nxd6 {[%emt 0:00:28]} 29. Rd1 {[%emt 0:00:54]} Ne4 {[%emt 0:03:33]} 30. Rd5 {[%emt 0:00:49]} g6 {[%emt 0:00:23]} 31. Nf3 {[%emt 0:00:44]} Re8 {[%emt 0:03:58]} 32. Kg2 {[%emt 0:01:03]} c6 {[%emt 0:02:40]} 33. Rd1 {[%emt 0:00:23]} Nf6 {[%emt 0:00:19]} 34. Kf1 {[%emt 0:00:52]} Rd7 {[%emt 0:00:42]} 35. Rc1 {[%emt 0:00:34]} Rd3 {[%emt 0:02:00]} 36. Ne1 {[%emt 0:01:10]} Rb3 {[%emt 0:03:58]} 37. Bc3 {[%emt 0:00:13]} Ne4 {[%emt 0:02:04]} 38. Bd4 {[%emt 0:01:17]} Rb5 {[%emt 0:01:14]} 39. f3 {[%emt 0:01:20]} Nxg3+ {[%emt 0:00:20]} 40. Kf2 {[%emt 0:00:00]} Ne2 {[%emt 0:00:00]} 0-1

[Event "23rd European Women Club Cup 2018"]
[Site "Halkidiki"]
[Date "2018.10.17"]
[Round "6"]
[White "Neuhauser, Salome"]
[Black "Andolfatto, Maria"]
[Result "0-1"]
[WhiteElo "2115"]
[BlackElo "2068"]
[Annotator "NA"]
[PlyCount "72"]
[EventDate "2018.10.12"]
[EventType "team-tourn"]
[EventCountry "GRE"]
[SourceTitle "playchess.com"]
[Source "ChessBase"]
[SourceQuality "1"]
[WhiteTeam "Mulhouse"]
[BlackTeam "Banca Alpi Marittime"]
[TimeControl "40/5400+30:1800+30"]

1. d4 {[%emt 0:02:57]} Nf6 {[%emt 0:00:00]} 2. c4 {[%emt 0:00:06]} g6 {[%emt 0:00:07]} 3. Nc3 {[%emt 0:00:07]} Bg7 {[%emt 0:00:06]} 4. Bg5 {[%emt 0:00:53]} O-O {[%emt 0:00:59]} 5. e3 {[%emt 0:00:11]} d6 {[%emt 0:01:21]} 6. Nf3 {[%emt 0:00:33]} c6 {[%emt 0:00:39]} 7. Be2 {[%emt 0:00:54]} a6 {[%emt 0:01:49]} 8. a4 {[%emt 0:01:31]} a5 {[%emt 0:00:32]} 9. O-O {[%emt 0:00:19]} Na6 {[%emt 0:01:48]} 10. Qb3 {[%emt 0:04:32]} Nb4 {[%emt 0:04:10]} 11. Na2 {[%emt 0:01:02]} c5 {[%emt 0:10:35]} 12. Nxb4 {[%emt 0:01:36]} axb4 {[%emt 0:00:10]} 13. dxc5 {[%emt 0:02:26]} dxc5 {[%emt 0:00:14]} 14. Rfd1 {[%emt 0:00:30]} Qb6 {[%emt 0:01:57]} 15. Ne1 {[%emt 0:11:41]} h6 {[%emt 0:05:32]} 16. Bh4 {[%emt 0:01:35]} g5 {[%emt 0:05:40]} 17. Bg3 {[%emt 0:00:10]} Ne4 {[%emt 0:01:24]} 18. Bf3 {[%emt 0:01:14]} Nxg3 {[%emt 0:08:02]} 19. hxg3 {[%emt 0:00:07]} f5 {[%emt 0:07:30]} 20. Bd5+ {[%emt 0:04:28]} Kh8 {[%emt 0:01:48]} 21. Bf3 {[%emt 0:06:16]} g4 {[%emt 0:08:55]} 22. Be2 {[%emt 0:00:08]} e5 {[%emt 0:01:44]} 23. Nd3 {[%emt 0:07:20]} Be6 {[%emt 0:00:55]} 24. Nc1 {[%emt 0:09:50]} Qc7 {[%emt 0:03:26]} 25. Qc2 {[%emt 0:01:26]} Qf7 {[%emt 0:01:26]} 26. b3 {[%emt 0:01:37]} f4 {[%emt 0:01:21]} 27. Rf1 {[%emt 0:01:55]} f3 {[%emt 0:03:41]} 28. Bd3 {[%emt 0:01:57]} e4 {[%emt 0:00:40]} 29. Ra2 {[%emt 0:03:09]} exd3 {[%emt 0:00:15]} 30. Qxd3 {[%emt 0:00:13]} fxg2 {[%emt 0:03:11]} 31. Kxg2 {[%emt 0:00:04]} Qf3+ {[%emt 0:01:28]} 32. Kg1 {[%emt 0:00:10]} Bf5 {[%emt 0:01:16]} 33. Qe2 {[%emt 0:00:59]} Bc3 {[%emt 0:04:13]} 34. Qxf3 {[%emt 0:00:55]} gxf3 {[%emt 0:00:06]} 35. Rd1 {[%emt 0:00:06]} Rad8 {[%emt 0:00:47]} 36. Rf1 {[%emt 0:01:41]} Bh3 {[%emt 0:00:47]} 0-1

[Event "23rd European Women Club Cup 2018"]
[Site "Halkidiki"]
[Date "2018.10.17"]
[Round "6"]
[White "Mar, Karmen"]
[Black "Lagogianni, Niki Vasiliki"]
[Result "1-0"]
[WhiteElo "2107"]
[BlackElo "1152"]
[Annotator "NA"]
[PlyCount "65"]
[EventDate "2018.10.12"]
[EventType "team-tourn"]
[EventCountry "GRE"]
[SourceTitle "playchess.com"]
[Source "ChessBase"]
[SourceQuality "1"]
[WhiteTeam "Maribor"]
[BlackTeam "Thessaloniki"]
[TimeControl "40/5400+30:1800+30"]

1. e4 {[%emt 0:00:00]} e5 {[%emt 0:06:08]} 2. Nf3 {[%emt 0:00:00]} Nc6 {[%emt 0:00:06]} 3. Bc4 {[%emt 0:00:00]} Bc5 {[%emt 0:02:12]} 4. d3 {[%emt 0:00:34]} d6 {[%emt 0:04:57]} 5. Ng5 {[%emt 0:08:04]} Nh6 {[%emt 0:03:29]} 6. h3 {[%emt 0:01:16]} Qe7 {[%emt 0:03:32]} 7. O-O {[%emt 0:02:53]} f6 {[%emt 0:00:34]} 8. Nf3 {[%emt 0:19:04]} Nf7 {[%emt 0:02:09]} 9. c3 {[%emt 0:03:42]} Bb6 {[%emt 0:03:15]} 10. b4 {[%emt 0:02:54]} Be6 {[%emt 0:01:47]} 11. Bb5 {[%emt 0:03:29]} O-O {[%emt 0:01:39]} 12. Nbd2 {[%emt 0:01:48]} a6 {[%emt 0:01:26]} 13. Ba4 {[%emt 0:00:22]} Rfd8 {[%emt 0:04:25]} 14. Re1 {[%emt 0:06:59]} Ba7 {[%emt 0:05:28]} 15. Qe2 {[%emt 0:05:41]} b5 {[%emt 0:01:11]} 16. Bc2 {[%emt 0:00:41]} d5 {[%emt 0:05:55]} 17. d4 {[%emt 0:06:11]} Rd7 {[%emt 0:03:17]} 18. exd5 {[%emt 0:05:12]} Bxd5 {[%emt 0:00:25]} 19. Nh4 {[%emt 0:00:45]} exd4 {[%emt 0:06:17]} 20. Bxh7+ {[%emt 0:01:26]} Kxh7 {[%emt 0:01:25]} 21. Qh5+ {[%emt 0:02:13]} Kg8 {[%emt 0:00:27]} 22. Rxe7 {[%emt 0:00:12]} Nxe7 {[%emt 0:00:08]} 23. cxd4 {[%emt 0:06:44]} Bxd4 {[%emt 0:00:25]} 24. Qg4 {[%emt 0:00:52]} Bc6 {[%emt 0:00:58]} 25. Rb1 {[%emt 0:00:21]} Rad8 {[%emt 0:04:04]} 26. Nb3 {[%emt 0:01:30]} Bb6 {[%emt 0:01:51]} 27. Bb2 {[%emt 0:01:02]} Bd5 {[%emt 0:02:41]} 28. Bxf6 {[%emt 0:01:09]} g5 {[%emt 0:02:23]} 29. Bxg5 {[%emt 0:01:35]} Nxg5 {[%emt 0:00:12]} 30. Qxg5+ {[%emt 0:00:07]} Kf8 {[%emt 0:00:37]} 31. Qf6+ {[%emt 0:00:45]} Ke8 {[%emt 0:00:33]} 32. Re1 {[%emt 0:00:52]} Bf7 {[%emt 0:01:29]} 33. Qh8+ {[%emt 0:00:13]} 1-0

[Event "23rd European Women Club Cup 2018"]
[Site "Halkidiki"]
[Date "2018.10.17"]
[Round "6"]
[White "Buzukashvili, Sofia"]
[Black "Fataliyeva, Ulviyya"]
[Result "0-1"]
[WhiteElo "1936"]
[BlackElo "2320"]
[Annotator "NA"]
[PlyCount "78"]
[EventDate "2018.10.12"]
[EventType "team-tourn"]
[EventCountry "GRE"]
[SourceTitle "playchess.com"]
[Source "ChessBase"]
[SourceQuality "1"]
[WhiteTeam "Beer Sheva"]
[BlackTeam "Odlar Yurdu"]
[TimeControl "40/5400+30:1800+30"]

1. Nf3 {[%emt 0:00:00]} f5 {[%emt 0:00:03]} 2. d4 {[%emt 0:00:04]} Nf6 {[%emt 0:00:15]} 3. c4 {[%emt 0:00:40]} d6 {[%emt 0:00:28]} 4. Nc3 {[%emt 0:00:47]} g6 {[%emt 0:00:13]} 5. e3 {[%emt 0:03:02]} Bg7 {[%emt 0:00:43]} 6. Qc2 {[%emt 0:01:03]} O-O {[%emt 0:01:12]} 7. b3 {[%emt 0:02:59]} a5 {[%emt 0:03:37]} 8. Bb2 {[%emt 0:02:09]} Na6 {[%emt 0:00:29]} 9. a3 {[%emt 0:10:57]} c6 {[%emt 0:01:02]} 10. Be2 {[%emt 0:01:14]} Bd7 {[%emt 0:00:38]} 11. O-O {[%emt 0:04:57]} Qe8 {[%emt 0:00:50]} 12. Na4 {[%emt 0:03:26]} b5 {[%emt 0:04:27]} 13. Nb6 {[%emt 0:02:06]} Rb8 {[%emt 0:00:25]} 14. Nxd7 {[%emt 0:01:37]} Qxd7 {[%emt 0:00:09]} 15. Rfc1 {[%emt 0:04:08]} Rfc8 {[%emt 0:00:50]} 16. Rab1 {[%emt 0:06:55]} Nc7 {[%emt 0:01:38]} 17. Rd1 {[%emt 0:04:38]} Ne6 {[%emt 0:07:13]} 18. g3 {[%emt 0:02:41]} Qa7 {[%emt 0:07:25]} 19. Nh4 {[%emt 0:02:47]} Ng5 {[%emt 0:02:13]} 20. Kg2 {[%emt 0:10:29]} Qb7 {[%emt 0:04:14]} 21. f3 {[%emt 0:01:46]} Nf7 {[%emt 0:09:19]} 22. Kf2 {[%emt 0:07:07]} e5 {[%emt 0:02:07]} 23. h3 {[%emt 0:03:22]} Qe7 {[%emt 0:10:41]} 24. Qd2 {[%emt 0:03:18]} Bh6 {[%emt 0:03:11]} 25. Ng2 {[%emt 0:04:18]} Ng5 {[%emt 0:01:15]} 26. Qc1 {[%emt 0:06:07]} Nxh3+ {[%emt 0:00:15]} 27. Kf1 {[%emt 0:00:11]} Nh5 {[%emt 0:00:24]} 28. dxe5 {[%emt 0:03:28]} Nxg3+ {[%emt 0:04:09]} 29. Ke1 {[%emt 0:00:04]} dxe5 {[%emt 0:01:15]} 30. Qc3 {[%emt 0:02:13]} Bg7 {[%emt 0:01:03]} 31. Qxa5 {[%emt 0:00:22]} Nxe2 {[%emt 0:01:54]} 32. Kxe2 {[%emt 0:00:03]} Qg5 {[%emt 0:00:33]} 33. Ne1 {[%emt 0:05:00]} Qg3 {[%emt 0:02:04]} 34. Rd7 {[%emt 0:01:05]} Bf6 {[%emt 0:01:59]} 35. Nd3 {[%emt 0:01:48]} Qg2+ {[%emt 0:00:53]} 36. Kd1 {[%emt 0:00:02]} Rd8 {[%emt 0:00:48]} 37. Rxd8+ {[%emt 0:00:09]} Rxd8 {[%emt 0:00:05]} 38. Qd2 {[%emt 0:00:25]} Rxd3 {[%emt 0:00:09]} 39. Qxd3 {[%emt 0:00:13]} Nf2+ {[%emt 0:00:04]} 0-1